| 000 | 00477nam a2200181Ia 4500 | ||
|---|---|---|---|
| 005 | 20240823052740.0 | ||
| 008 | 240823s9999||||xx |||||||||||||| ||und|| | ||
| 041 | _aENGLISH | ||
| 082 | _A658.568 P2 | ||
| 100 | _aBhaskar S | ||
| 245 | 0 | _aStatistical Quality Control and Reliability Engineering | |
| 250 | _a1st | ||
| 260 |
_c2002 _bAnuradha Age _aKumbakonam |
||
| 500 | _aYES | ||
| 650 |
_aStatistical Quality _bMechanical |
||
| 700 | _a Narayanamoorthy S | ||
| 942 | _cBK | ||
| 999 |
_c222593 _d222593 |
||